Konstruktorzy z tytułami mistrza świata w Formule 1 - Statystyki

Ogólne statystyki
  • Ten quiz został rozwiązany 99 razy
  • Średni wynik to 6 z 9
Statystyki odpowiedzi
Konstruktor Liczba tytułów Sezony % Poprawnych
Mercedes 8 2014, 2015, 2016, 2017, 2018, 2019, 2020, 2021
99%
Ferrari 16 1961, 1964, 1975, 1976, 1977, 1979, 1982, 1983, 1999, 2000, 2001, 2002, 2003, 2004, 2007, 2008
98%
McLaren 8 1974, 1984, 1985, 1988, 1989, 1990, 1991, 1998
94%
Red Bull 6 2010, 2011, 2012, 2013, 2022, 2023
92%
Williams 9 1980, 1981, 1986, 1987, 1992, 1993, 1994, 1996, 1997
83%
Renault 2 2005, 2006
73%
Lotus 7 1963, 1965, 1968, 1970, 1972, 1973, 1978
47%
Brabham 2 1966, 1967
31%
Cooper 2 1959, 1960
12%
Nie znaleziono quizów pasujących do podanych kryteriów
Rozkład punktacji
Procent ludzi z każdym wynikiem
Percentyl według liczby udzielonych odpowiedzi
Twoja historia wyników
Nie rozwiązałeś tego quizu